000
00230nam a22000977a 4500
008
170124b xxu||||| |||| 00| 0 eng d
041
_a
eng
080
_a
618.2
245
_a
EMERGENCY: A PRACTICAL MANUAL
_c
YATES, A.Y
942
_2
udc
_c
BK
999
_c
3535
_d
3535